000 00485nam a2200169Ia 4500
008 230714s9999 xx 000 0 und d
020 _a9790000000000
041 _aeng
082 _a005.678
_bBAH
100 _aBahga A.
_9197237
245 _aInternet Of Things
_bA Hands-On Approach
260 _c2014
_bUniversities Press
300 _a520
365 _cRs.
_b725.00
700 _aBahga A. & Madisetti V.
_9197238
906 _dO:0671406-Nov-2019B:IN70802-Nov-2019
_cBCOMP
_b1268.75
999 _c226177
_d226177